Score 0/13 Timer 02:00
4 Plays Today
Clue 4-Letter Word % Correct
No longer livingDEAD
98.3%
35th President of the United States Kennedy•JOHN•
98%
Species of Winnie the PoohBEAR
97.9%
Beverage of OktoberfestBEER
97.4%
Denim materialJEAN
97.1%
Actor James who played Jim Stark in 'Rebel Without a Cause'•DEAN•
95.6%
Horned mammal DEER
94.7%
15th Century Roman Catholic Saint who was burned at the stake•JOAN•
93.5%
Small object used in decorationBEAD
93.5%
Salutation used in lettersDEAR
93.1%
Trump's 'The Art of the ___'DEAL
85.4%
To enclose to waterproofSEAL
84.6%
Former Redskins safety Taylor•SEAN•
62.1%

Today's Daily Dose

You're not logged in!

Compare scores with friends on all Sporcle quizzes.
OR
Log In

Sporcle TV

Today on Sporcle TV


Watch our educational content, quiz creation guides, and fun videos on Sporcle TV.

Show Comments

Extras

Top Quizzes Today


Score Distribution

Paid Content

Your Account Isn't Verified!

In order to create a playlist on Sporcle, you need to verify the email address you used during registration. Go to your Sporcle Settings to finish the process.

Report this User

Report this user for behavior that violates our Community Guidelines.

Details: